LotR: Faramir Quotes: Fill in the Blanks - Statistics

General Stats
  • This quiz has been taken 21 times
  • The average score is 6 of 16
Answer Stats
Answer % Correct
"Yes. Of the land of Westernesse that foundered, and of the great wave climbing over the green lands and above the hills, and coming on, darkness unescapable. I often {dream} of it."
82%
"Boromir, O Boromir! What did she say to you, the Lady that dies not? What did she see? What woke in your {heart} then?"
71%
"I love you. Once I pitied your sorrow. But now, were you sorrowless, without fear or any lack, were you the blissful Queen of Gondor, still I would love you. {Eowyn}, do you love me?"
59%
"I will {wed} with the White Lady of Rohan, if it be her will."
59%
"There are no {travellers} in this land: only the servants of the Dark Tower, or of the White."
59%
"Whether he erred or no, of this I am sure: he died well, achieving some {good} thing."
53%
"Eowyn, Eowyn, White Lady of Rohan, in this hour I do not believe any {darkness} will endure!"
47%
"Wise man trusts not to chance-meeting on the road in this {land}."
47%
"But it would ease my heart, if while the Sun yet shines, I could see you still. For you and I have both passed under the wings of the {Shadow}, and the same hand drew us back."
41%
"Since you are robbed of Boromir, I will do what I can in his stead - if you {command} it."
29%
"But I do not slay man or beast needlessly, and not {gladly} even when it is needed."
24%
"Do not scorn pity that is the gift of a {gentle} heart."
24%
"Eowyn, I would not have this {world} end now, or lose so soon what I have found."
12%
"I would not take this thing, if it lay be the highway. Not were Minas Tirith falling in ruin, and I alone could save her, so, using the weapon of the Dark Lord for her good and my {glory}."
12%
"The reason of my waking mind tells me that great evil has befallen and we stand at the end of days. But my heart says nay; and all my limbs are light, and a hope and joy are come to me that no {reason} can deny."
6%
"We are {truth-speakers}, we men of Gondor. We boast seldom, and then perform, or die in the attempt."
6%
No matching quizzes found
Score Distribution
Percent of People with Each Score
Percentile by Number Answered
Your Score History
You have not taken this quiz